000 00371 a2200169 4500
001 183495
020 _a85-08-06592-2
040 _cMagnum
100 _aMachado, Ana Maria
240 1 0 _aTudo ao mesmo tempo agora
_lpor
245 1 0 _aTudo ao mesmo tempo agora
300 _a151
362 0 _a1999
440 1 _aÁtica
697 _aLITERATURA JUVENIL
942 _cBK
999 _c183495
_d183495